| 000 | 00776cam a2200253Ia 4500 | ||
|---|---|---|---|
| 001 | u14156 | ||
| 003 | SIRSI | ||
| 005 | 20180220093730.0 | ||
| 008 | 960615s1993 nyua b 001 0 eng d | ||
| 020 | _a0824787641 | ||
| 039 | 9 |
_a200312281124 _beman _y200203190944 _zload |
|
| 040 | _aEAL. | ||
| 050 |
_aQP552.Q55 _bP75 1993 |
||
| 245 | 0 | 0 |
_aPrinciples and applications of quinoproteins / _cedited by Victor L. Davidson. |
| 260 |
_aNew York : _bM. Dekker, _cc1993. |
||
| 300 |
_axii,453p.: _bill.; _c24cm. |
||
| 504 | _aIncludes bibliographical references and index. | ||
| 596 | _a1 | ||
| 650 | 0 | _aQuinoproteins. | |
| 650 | 0 | _aPQQ (Biochemistry) | |
| 700 | 1 | 0 |
_aDavidson, Victor L., _d1952- |
| 910 | _aeae06/96. | ||
| 942 |
_cBK _2lcc |
||
| 999 |
_c22453 _d22453 |
||